Movies by Pedro Pascal - Statistics

General Stats
  • This quiz has been taken 7 times
  • The average score is 14 of 26
Answer Stats
Picture Hint Answer % Correct
2026 Star Wars: The Mandalorian and Grogu
100%
2025 The Fantastic 4: First Steps
100%
2024 Gladiator II
83%
2017 Kingsman: The Golden Circle
67%
2018 The Equalizer 2
67%
2022 The Unbearable Weight of Massive Talent
67%
2024 The Wild Robot
67%
2020 Wonder Woman 1984
67%
2015 Bloodsucking Bastards
50%
2024 Drive-Away Dolls
50%
2025 Eddington
50%
2024 Freaky Tales
50%
2018 If Beale Street Could Talk
50%
2025 Materialists
50%
2018 Prospect
50%
2022 The Bubble
50%
2016 The Great Wall
50%
2024 The Uninvited
50%
2019 Triple Frontier
50%
2020 We Can Be Heroes
50%
2011 Burn Notice: The Fall of Sam Axe
33%
2001 Earth vs. the Spider
33%
2005 Hermanas
33%
2008 I Am That Girl
33%
2011 Sweet Little Lies
33%
2011 The Adjustment Bureau
33%
No matching quizzes found
Score Distribution
Percent of People with Each Score
Percentile by Number Answered
Your Score History
You have not taken this quiz